000 00633nam a2200193Ia 4500
003 GCL
008 140319s9999 xx 000 0 ara d
040 _aGCL /
_cGCL
082 0 4 _aق
_b953.0738
_bس ا
100 1 _aسلام شافعى محمود سلام
245 1 0 _aاهل الذمه فى مصر فى العصر الفاطمى الثانى والعصر الايوبى (648-467ه\1250-1074م) /
_cسلام شافعى محمود سلام
260 _a[S.N] :
_bدار المعارف ،
_c1982
300 _a350 ص
490 _a
650 0 4 _aمصر
650 0 4 _aتاريخ
650 0 4 _aالاقباط
942 _2ddc
_cBK
999 _c58820
_d58820